书目信息 |
| 题名: |
果园管道输水灌溉工程实用手册
|
|
| 作者: | 宋福君 主编 | |
| 分册: | ||
| 出版信息: | 北京 金盾出版社 2013 |
|
| 页数: | 274页 | |
| 开本: | 21cm | |
| 丛书名: | ||
| 单 册: | ||
| 中图分类: | S275 | |
| 科图分类: | ||
| 主题词: | 果园--输水管道--灌溉工程--基本知识 , 果园 , 输水管道 , 灌溉工程 | |
| 电子资源: | ||
| ISBN: | 978-7-5082-7678-6 | |
| 000 | 00896nam0 2200253 450 | |
| 001 | 2364585359 | |
| 005 | 20231215180012.79 | |
| 010 | @a978-7-5082-7678-6@dCNY 20.00 | |
| 100 | @a20130305d2013 em y0chiy0120 ea | |
| 101 | 0 | @achi |
| 102 | @aCN@b110000 | |
| 105 | @aa z 000yy | |
| 200 | 1 | @a果园管道输水灌溉工程实用手册@Aguo yuan guan dao shu shui guan gai gong cheng shi yong shou ce@b专著@f宋福君主编 |
| 210 | @a北京@c金盾出版社@d2013 | |
| 215 | @a274页@c图@d21cm | |
| 330 | @a本书内容包括:灌溉制度及工作制度、水源、水泵与水泵房、水力计算、管材及其连接件、管道附属设施、输、配电工程、水土保持、管道工程施工技术、运行管理、经济效益分析。 | |
| 606 | 0 | @a果园@x输水管道@x灌溉工程@x基本知识 |
| 606 | 0 | @a果园 |
| 606 | 0 | @a输水管道 |
| 606 | 0 | @a灌溉工程 |
| 690 | @aS275@v5 | |
| 701 | 0 | @a宋福君@Asong fu jun@f(1968 )@4主编 |
| 801 | 2 | @aCN@b辽宁北配@c20231205 |
| 905 | @aBZT@dS275@e11 | |
| 果园管道输水灌溉工程实用手册/宋福君主编.-北京:金盾出版社,2013 |
| 274页:图;21cm |
| ISBN 978-7-5082-7678-6:CNY 20.00 |
| 本书内容包括:灌溉制度及工作制度、水源、水泵与水泵房、水力计算、管材及其连接件、管道附属设施、输、配电工程、水土保持、管道工程施工技术、运行管理、经济效益分析。 |
| ● |
| 相关链接 |
|
|
|
正题名:果园管道输水灌溉工程实用手册
索取号:S275/11
 
预约/预借
| 序号 | 登录号 | 条形码 | 馆藏地/架位号 | 状态 | 备注 |
| 1 | 2001632389 | 2001632389 | 辽三/辽宁北配(第三批)/2782/ [索取号:S275/11] | 在馆 | |
| 2 | 2001632390 | 2001632390 | 辽三/辽宁北配(第三批)/2782/ [索取号:S275/11] | 在馆 | |
| 3 | 2001632391 | 2001632391 | 辽三/辽宁北配(第三批)/2782/ [索取号:S275/11] | 在馆 | |
| 4 | 2001632392 | 2001632392 | 辽三/辽宁北配(第三批)/2782/ [索取号:S275/11] | 在馆 | |
| 5 | 2001632393 | 2001632393 | 辽三/辽宁北配(第三批)/2782/ [索取号:S275/11] | 在馆 | |
| 6 | 2001632394 | 2001632394 | 辽三/辽宁北配(第三批)/2782/ [索取号:S275/11] | 在馆 | |
| 7 | 2001632395 | 2001632395 | 辽三/辽宁北配(第三批)/2782/ [索取号:S275/11] | 在馆 | |
| 8 | 2001632396 | 2001632396 | 辽三/辽宁北配(第三批)/2782/ [索取号:S275/11] | 在馆 | |
| 9 | 2001632397 | 2001632397 | 辽三/辽宁北配(第三批)/2782/ [索取号:S275/11] | 在馆 | |
| 10 | 2001632398 | 2001632398 | 辽三/辽宁北配(第三批)/2782/ [索取号:S275/11] | 在馆 | |
| 11 | 2001632399 | 2001632399 | 辽三/辽宁北配(第三批)/2782/ [索取号:S275/11] | 在馆 | |
| 12 | 2001632400 | 2001632400 | 辽三/辽宁北配(第三批)/2782/ [索取号:S275/11] | 在馆 | |
| 13 | 2001632401 | 2001632401 | 辽三/辽宁北配(第三批)/2782/ [索取号:S275/11] | 在馆 | |
| 14 | 2001632402 | 2001632402 | 辽三/辽宁北配(第三批)/2782/ [索取号:S275/11] | 在馆 | |
| 15 | 2001632403 | 2001632403 | 辽三/辽宁北配(第三批)/2782/ [索取号:S275/11] | 在馆 | |
| 16 | 2001632404 | 2001632404 | 辽三/辽宁北配(第三批)/2782/ [索取号:S275/11] | 在馆 | |
| 17 | 2001632405 | 2001632405 | 辽三/辽宁北配(第三批)/2782/ [索取号:S275/11] | 在馆 |